European Youth Capitals - Statistics

General Stats
  • This quiz has been taken 14 times
  • The average score is 6 of 16
Answer Stats
Year Country City % Correct
2009 Netherlands Rotterdam
100%
2011 Belgium Antwerp
69%
2010 Italy Turin
62%
2022 Albania Tirana
54%
2014 Greece Thessaloniki
46%
2012 Portugal Braga
38%
2024 Belgium Ghent
38%
2013 Slovenia Maribor
38%
2019 Serbia Novi Sad
38%
2017 Bulgaria Varna
31%
2015 Romania Cluj-Napoca
23%
2016 Azerbaijan Ganja
23%
2023 Poland Lublin
23%
2020 France Amiens
15%
2021 Lithuania Klaipėda
15%
2018 Portugal Cascais
8%
No matching quizzes found
Score Distribution
Percent of People with Each Score
Percentile by Number Answered
Your Score History
You have not taken this quiz